Statistics for Treasure hunt with Countries #2

Click here to take the quiz!

General Stats

  • This quiz has been taken 53 times
  • The average score is 11 of 26

Answer Stats

HintAnswer% Correct
Move any directionItaly
100%
Move WestFrance
97%
Move SouthSpain
94%
Move South by seaMorocco
88%
Move SouthMexico
70%
Move West by seaUnited States
70%
Move South to an English-speaking CountryBelize
52%
Move SouthGuatemala
52%
Move South-East, twiceNicaragua
52%
Move SouthChile
48%
Move South-East, three timesColombia
48%
Move South-WestPeru
48%
Move West by sea until you find a continentAustralia
42%
Move North by seaIndonesia
42%
Cross border in BorneoMalaysia
39%
Cross border on the continentThailand
36%
Move North-WestMyanmar
33%
Move West on a straight line until you reach a different continentSomalia
27%
Move North by seaYemen
18%
Move NorthEgypt
15%
Move West by seaEritrea
15%
Move WestSudan
15%
Move North by seaTurkey
12%
Move West by seaGreece
9%
Move West by seaItaly
9%
Go to the Capital and cross the borderVatican City
9%

Score Distribution

Percentile by Number Answered

Percent of People with Each Score

Your Score History

You have not taken this quiz